| 000 | 00635nam a22001937a 4500 | ||
|---|---|---|---|
| 003 | 0 | ||
| 005 | 20250912160416.0 | ||
| 008 | 250912b xxu||||| |||| 00| 0 eng d | ||
| 020 | _a979-8-88836-773-5 | ||
| 050 |
_aQA 76.754 _b.M34 2025 |
||
| 100 |
_aMcGarry, Colt, _eauthor. |
||
| 245 |
_aSoftware architecture : _ban engineering approach / _cColt McGarry. |
||
| 260 |
_aNew York, NY : _bLarsen and Keller Education, _c2025. |
||
| 300 |
_ax, 337 pages : _billustrations ; _c26 cm. |
||
| 504 | _aIncludes bibliographical references and index. | ||
| 650 | _aSoftware architecture. | ||
| 650 | _aComputer architecture. | ||
| 942 |
_2lcc _cBK |
||
| 999 |
_c367932 _d367932 |
||